Statistics for World Capitals A-Z: Most Isolated

Click here to take the quiz!

General Stats

  • This quiz has been taken 58 times
  • The average score is 15 of 24

Answer Stats

D (km)Capital City% Correct
2,330 CCanberra
91%
2,330 WWellington
91%
728 QQuito
85%
1,170 UUlaanbaatar
85%
732 OOttawa
81%
1,497 RReykjavik
78%
1,460 BBrasilia
76%
117 ZZagreb
74%
894 JJakarta
69%
1,139 SSantiago
69%
1,067 FFunafuti
67%
1,402 PPort Moresby
65%
1,249 HHoniara
63%
1,902 DDili
61%
704 YYaren
61%
368 IIslamabad
59%
1,316 LLima
59%
1,034 AAsuncion
54%
346 GGeorgetown
44%
1,343 VVictoria
43%
1,157 TTaipei
39%
687 KKhartoum
30%
1,683 MMelekeok
26%
892 NN'Djamena
24%

Score Distribution

Percentile by Number Answered

Percent of People with Each Score

Your Score History

You have not taken this quiz